000 00299nam a22001337a 4500
008 190225b xxu||||| |||| 00| 0 eng d
020 _a9780673465443
041 _aeng
080 _26th
_a371
100 _a25
101 _aEDU
245 _aThe Little English Handbook
_cCorbett
942 _2udc
_cBK
999 _c54250
_d54250